书目信息 |
| 题名: |
天文普及年历
|
|
| 作者: | ;紫金山天文台 , 北京天文馆 编 | |
| 分册: | ||
| 出版信息: | 北京 科学出版社 1982 |
|
| 页数: | 204页 | |
| 开本: | 19cm | |
| 丛书名: | ||
| 单 册: | ||
| 中图分类: | P197.1 | |
| 科图分类: | ||
| 主题词: | 天文年历--中国--1983 | |
| 电子资源: | ||
| ISBN: | ||
| 000 | 00692nam0 2200241 45 | |
| 001 | 0182005493 | |
| 005 | 20061121104452.06 | |
| 010 | @dCNY0.70 | |
| 091 | @a13031.2051 | |
| 100 | @a19950603d1982 em y0chiy0121 ea | |
| 101 | 0 | @achi |
| 102 | @aCN@b110000 | |
| 105 | @ay o 000yy | |
| 200 | 10 | @a天文普及年历@Atian wen pu ji nian li@e1983@f紫金山天文台,北京天文馆编 |
| 210 | @a北京@c科学出版社@d1982 | |
| 215 | @a204页@d19cm | |
| 606 | @a天文年历@y中国@z1983 | |
| 690 | @aP197.1@v3 | |
| 711 | 02 | @a紫金山天文台@Azi jin shan tian wen tai@4编 |
| 711 | 02 | @a北京天文馆@Abei jing tian wen guan@4编 |
| 801 | 0 | @aCN@bTSSF@c20061121 |
| 801 | 2 | @aCN@bNLC@c20060810 |
| 905 | @a10447@dP197.1@e8 | |
| 天文普及年历:1983/紫金山天文台,北京天文馆编.-北京:科学出版社,1982 |
| 204页;19cm |
| ISBN :CNY0.70 |
| ● |
| 相关链接 |
|
|
|
|
正题名:天文普及年历
索取号:P197.1/8
 
预约/预借
| 序号 | 登录号 | 条形码 | 馆藏地/架位号 | 状态 | 备注 |
| 1 | 0080202 | 000628020 | 第二样本阅览室/ [索取号:P197.1/8] | 在馆 |